|
|
|
|
| LEADER |
01958nam a2200421 i 4500 |
| 001 |
EBC1665349 |
| 003 |
MiAaPQ |
| 005 |
20200903223051.0 |
| 006 |
m o d | |
| 007 |
cr cnu|||||||| |
| 008 |
140414t20142014enk ob 001 0 eng d |
| 020 |
|
|
|z 9781783506774
|
| 020 |
|
|
|a 9781783506781
|q (electronic bk.)
|
| 035 |
|
|
|a (MiAaPQ)EBC1665349
|
| 035 |
|
|
|a (Au-PeEL)EBL1665349
|
| 035 |
|
|
|a (CaPaEBR)ebr10857313
|
| 035 |
|
|
|a (CaONFJC)MIL588623
|
| 035 |
|
|
|a (OCoLC)876344079
|
| 040 |
|
|
|a MiAaPQ
|b eng
|e rda
|e pn
|c MiAaPQ
|d MiAaPQ
|
| 050 |
|
4 |
|a HD58.7
|b .P667 2014
|
| 082 |
0 |
|
|a 302.35
|2 23
|
| 100 |
1 |
|
|a Pompper, Donnalyn,
|e author.
|
| 245 |
1 |
0 |
|a Practical and theoretical implications of successfully doing difference in organizations /
|c by Donnalyn Pompper.
|
| 264 |
|
1 |
|a Bingley, England :
|b Emerald Group Publishing,
|c 2014.
|
| 264 |
|
4 |
|c 2014
|
| 300 |
|
|
|a 1 online resource (297 pages).
|
| 336 |
|
|
|a text
|2 rdacontent
|
| 337 |
|
|
|a computer
|2 rdamedia
|
| 338 |
|
|
|a online resource
|2 rdacarrier
|
| 490 |
0 |
|
|a International Perspectives on Equality, Diversity and Inclusion,
|x 2051-2333 ;
|v Volume 1
|
| 504 |
|
|
|a Includes bibliographical references and index.
|
| 588 |
|
|
|a Description based on online resource; title from PDF title page (ebrary, viewed April 13, 2014).
|
| 590 |
|
|
|a Electronic reproduction. Ann Arbor, MI : ProQuest, 2016. Available via World Wide Web. Access may be limited to ProQuest affiliated libraries.
|
| 650 |
|
0 |
|a Organizational behavior.
|
| 655 |
|
4 |
|a Electronic books.
|
| 776 |
0 |
8 |
|i Print version:
|a Pompper, Donnalyn.
|t Practical and theoretical implications of successfully doing difference in organizations.
|d Bingley, England : Emerald Group Publishing, c2014
|h xviii, 278 pages
|k International Perspectives on Equality, Diversity and Inclusion ; Volume 1
|z 9781783506774
|
| 797 |
2 |
|
|a ProQuest (Firm)
|
| 856 |
4 |
0 |
|u https://ebookcentral.proquest.com/lib/matrademy/detail.action?docID=1665349
|z Click to View
|